[Event "Lloyds Bank Masters 10th"]
[Site "London"]
[Date "1986.08.27"]
[Round "8"]
[White "Howell, James C"]
[Black "Lalic, Susan Kathryn"]
[Result "0-1"]
[WhiteElo "2395"]
[BlackElo "2195"]
[PlyCount "100"]
[EventDate "1986.08.20"]
[EventType "swiss"]
[EventRounds "9"]
[EventCountry "ENG"]
[SourceTitle "BritBase"]
[Source "John Saunders"]
[SourceDate "2020.09.07"]
[SourceVersion "1"]
[SourceVersionDate "2020.09.07"]
[SourceQuality "2"]

1. e4 c5 2. Nf3 e6 3. d4 cxd4 4. Nxd4 Bc5 5. Nb3 Bb6 6. c4 Ne7 7. Nc3 Nbc6 8.
Bf4 e5 9. Bg5 f6 10. Bd2 d6 11. Qh5+ Kf8 12. Bd3 Be6 13. O-O Rc8 14. Nd5 Bf7
15. Qh3 Nxd5 16. exd5 Nd4 17. Kh1 Nxb3 18. axb3 Bd4 19. f4 a6 20. fxe5 Bxe5 21.
Ba5 Qe8 22. Rae1 h5 23. Bf5 Ra8 24. Bc3 g6 25. Bd7 Qe7 26. c5 Kg7 27. Be6 Bxe6
28. dxe6 Rhe8 29. cxd6 Qxe6 30. Bxe5 fxe5 31. d7 Re7 32. Qc3 Rd8 33. Re4 Rdxd7
34. Rfe1 Rd5 35. h4 a5 36. Kh2 b6 37. R1e3 Qd6 38. Qe1 Rd4 39. Qe2 Rd2 40. Qf1
Rxb2 41. Rg3 Qd5 42. Qf5 Re6 43. Rg5 Rf6 44. Qxe5 Qxe5+ 45. Rexe5 Rxb3 46. Re7+
Kh6 47. Rd5 Rf4 48. g3 Rf2+ 49. Kh3 Rbb2 50. Rxh5+ gxh5 0-1

[Event "Lloyds Bank Masters 10th"]
[Site "London"]
[Date "1986.08.27"]
[Round "8"]
[White "McDonald, Neil R"]
[Black "Adams, Michael"]
[Result "0-1"]
[WhiteElo "2495"]
[BlackElo "2260"]
[PlyCount "188"]
[EventDate "1986.08.20"]
[EventType "swiss"]
[EventRounds "9"]
[EventCountry "ENG"]
[SourceTitle "BritBase"]
[Source "John Saunders"]
[SourceDate "2020.09.07"]
[SourceVersion "1"]
[SourceVersionDate "2020.09.07"]
[SourceQuality "2"]

1. Nf3 Nf6 2. g3 b6 3. Bg2 Bb7 4. O-O e6 5. d4 c5 6. c3 Be7 7. Bg5 O-O 8. Nbd2
d5 9. Ne5 cxd4 10. cxd4 Nc6 11. e3 Nxe5 12. dxe5 Nd7 13. Bxe7 Qxe7 14. f4 Rac8
15. Nb3 a5 16. Nd4 Nc5 17. Qh5 Ba6 18. Rfd1 g6 19. Qh6 Ne4 20. Bxe4 dxe4 21.
Qh4 Qb4 22. f5 exf5 23. Qg5 Qc5 24. Qf6 Rfe8 25. Nxf5 Qf8 26. Qg5 Rc6 27. Rd7
Bc8 28. Rd6 Rxd6 29. Nxd6 h6 30. Qf4 g5 31. Qf2 Rxe5 32. Nxc8 Qxc8 33. Rf1 Qd7
34. Qf6 Re6 35. Qf5 Kg7 36. Rf2 Qe7 37. Qd5 Qd6 38. Qc4 Qe5 39. b3 Re7 40. Kg2
Rc7 41. Qe2 f6 42. Qd2 Qc5 43. Qd8 Rf7 44. Qd2 Re7 45. Qd8 Rf7 46. Qd2 h5 47.
h4 gxh4 48. gxh4 Kh7 49. Kh2 Qe5+ 50. Rf4 Rg7 51. Qd4 Qxd4 52. exd4 e3 53. Re4
Rc7 54. Rxe3 Rc2+ 55. Kg3 Rxa2 56. Re7+ Kg6 57. Rb7 Rd2 58. Rxb6 Rd3+ 59. Kg2
Rxd4 60. Rb5 Rxh4 61. Rxa5 Rb4 62. Kg3 Rxb3+ 63. Kh4 Rb4+ 64. Kg3 Re4 65. Ra8
Kg5 66. Rg8+ Kf5 67. Rh8 Rg4+ 68. Kh3 Kg5 69. Rg8+ Kf4 70. Rh8 Rg3+ 71. Kh2 Rg5
72. Kh3 f5 73. Ra8 Rg1 74. Ra4+ Kg5 75. Ra8 Re1 76. Kg3 Re3+ 77. Kf2 Rb3 78.
Kg2 Kg4 79. Rg8+ Kf4 80. Rh8 Rb2+ 81. Kh3 Kf3 82. Rxh5 f4 83. Ra5 Kf2 84. Kg4
f3 85. Ra3 Rb4+ 86. Kh3 Re4 87. Ra2+ Re2 88. Ra8 Re3 89. Ra2+ Kf1 90. Kg3 f2+
91. Kh2 Re7 92. Ra1+ Ke2 93. Ra2+ Kf3 94. Ra3+ Re3 0-1

[Event "Lloyds Bank Masters 10th"]
[Site "London"]
[Date "1986.08.27"]
[Round "8"]
[White "Plaskett, H James"]
[Black "Hodgson, Julian M"]
[Result "1/2-1/2"]
[WhiteElo "2450"]
[BlackElo "2500"]
[PlyCount "53"]
[EventDate "1986.08.20"]
[EventType "swiss"]
[EventRounds "9"]
[EventCountry "ENG"]
[SourceTitle "BritBase"]
[Source "John Saunders"]
[SourceDate "2020.09.07"]
[SourceVersion "1"]
[SourceVersionDate "2020.09.07"]
[SourceQuality "2"]

1. e4 c6 2. d4 d5 3. exd5 cxd5 4. c4 Nf6 5. Nc3 Nc6 6. Nf3 Bg4 7. cxd5 Nxd5 8.
Qb3 Bxf3 9. gxf3 Nb6 10. Be3 e6 11. O-O-O Be7 12. d5 exd5 13. Rg1 g6 14. Kb1
O-O 15. Nxd5 Nxd5 16. Rxd5 Qc7 17. f4 Rad8 18. Bg2 Bf6 19. Rgd1 Rxd5 20. Bxd5
Kg7 21. f5 Qe5 22. fxg6 hxg6 23. a3 Rd8 24. f4 Qf5+ 25. Ka2 Re8 26. Rd2 Re7 27.
Bc5 1/2-1/2

[Event "Lloyds Bank Masters 10th"]
[Site "London"]
[Date "1986.08.27"]
[Round "8"]
[White "Prasad, Devaki V"]
[Black "Pein, Malcolm"]
[Result "1-0"]
[WhiteElo "2410"]
[BlackElo "2340"]
[PlyCount "65"]
[EventDate "1986.08.20"]
[EventType "swiss"]
[EventRounds "9"]
[EventCountry "ENG"]
[SourceTitle "BritBase"]
[Source "John Saunders"]
[SourceDate "2020.09.07"]
[SourceVersion "1"]
[SourceVersionDate "2020.09.07"]
[SourceQuality "2"]

1. e4 e5 2. Nf3 Nc6 3. Bb5 a6 4. Ba4 Nf6 5. O-O Be7 6. Re1 b5 7. Bb3 O-O 8. a4
Bb7 9. d3 d6 10. Nc3 Na5 11. Ba2 b4 12. Ne2 Rb8 13. Ng3 c5 14. Nf5 Bc8 15. N3h4
Ne8 16. Nxe7+ Qxe7 17. Nf5 Bxf5 18. exf5 Qd7 19. g4 b3 20. cxb3 Nf6 21. b4 cxb4
22. d4 b3 23. Bb1 Rb4 24. Be3 Nc4 25. g5 Nd5 26. Bc1 Na3 27. Rxa3 Rxd4 28. Qxb3
Rc8 29. Qh3 Qb7 30. f6 e4 31. Be3 Rdc4 32. Ba2 Qb4 33. Rf1 1-0

[Event "Lloyds Bank Masters 10th"]
[Site "London"]
[Date "1986.08.27"]
[Round "8"]
[White "Rahman, Ziaur"]
[Black "Christopher, Sarah"]
[Result "1-0"]
[WhiteElo "2305"]
[BlackElo "2075"]
[PlyCount "85"]
[EventDate "1986.08.20"]
[EventType "swiss"]
[EventRounds "9"]
[EventCountry "ENG"]
[SourceTitle "BritBase"]
[Source "John Saunders"]
[SourceDate "2020.09.07"]
[SourceVersion "1"]
[SourceVersionDate "2020.09.07"]
[SourceQuality "2"]

1. e4 e5 2. Nf3 Nc6 3. d4 exd4 4. Bc4 Nf6 5. O-O Nxe4 6. Re1 d5 7. Bxd5 Qxd5 8.
Nc3 Qa5 9. Nxe4 Be6 10. Neg5 O-O-O 11. Nxe6 fxe6 12. Rxe6 Qf5 13. Re2 h6 14.
Rd2 Bc5 15. a3 g5 16. b4 Bb6 17. Bb2 Rhf8 18. Qf1 g4 19. Ne1 Ne5 20. Rad1 g3
21. hxg3 Ng4 22. Nf3 Qh5 23. Nh4 Nxf2 24. Rxf2 Rxf2 25. Kxf2 d3+ 26. Ke1 Qe8+
27. Kd2 Qe3+ 28. Kc3 {[the score becomes incomprehensible at this point but
this might be what happened as it starts making sense again at the time
control]} dxc2+ {("Qc2")} 29. Kxc2 {("Ke2")} Qe4+ {("Qc4")} 30. Rd3 Qc4+ {
("Qe4")} 31. Kd2 Qg8 32. Nf5 Kb8 33. Rxd8+ Qxd8+ 34. Qd3 Qg5+ 35. Kc2 a6 {
("Qa6")} 36. Bc1 {("Be1")} Qf6 37. Nxh6 Qf2+ {("Qe6")} 38. Kb3 {("Kb3")} Qxg2
39. g4 Qc6 {("Qc6")} 40. Qc4 Qf3+ 41. Ka2 Qg2+ 42. Bb2 Qd2 43. Nf5 1-0

[Event "Lloyds Bank Masters 10th"]
[Site "London"]
[Date "1986.08.27"]
[Round "8"]
[White "Thipsay, Praveen"]
[Black "Gallagher, Joseph G"]
[Result "0-1"]
[WhiteElo "2375"]
[BlackElo "2360"]
[PlyCount "82"]
[EventDate "1986.08.20"]
[EventType "swiss"]
[EventRounds "9"]
[EventCountry "ENG"]
[SourceTitle "BritBase"]
[Source "John Saunders"]
[SourceDate "2020.09.07"]
[SourceVersion "1"]
[SourceVersionDate "2020.09.07"]
[SourceQuality "2"]

1. e4 c5 2. Nf3 d6 3. d4 cxd4 4. Nxd4 Nf6 5. Nc3 a6 6. Be2 e5 7. Nb3 Be7 8. O-O
Be6 9. f4 Qc7 10. f5 Bc4 11. a4 O-O 12. Be3 Nbd7 13. a5 b5 14. axb6 Nxb6 15.
Kh1 Rfc8 16. Bxb6 Qxb6 17. Bxc4 Rxc4 18. Qe2 Rac8 19. Ra2 Bd8 20. Rfa1 Qb7 21.
Ra4 Rxa4 22. Rxa4 a5 23. h3 g6 24. fxg6 hxg6 25. Qd3 Qb6 26. Qf3 Qb7 27. Qd3
Qa7 28. Ra1 Nh5 29. Rf1 Bh4 30. Ne2 Qc7 31. Qf3 Rf8 32. c3 Qb7 33. g4 Ng7 34.
Nd2 Qb5 35. b3 Ne6 36. c4 Qb7 37. Nc3 Bg5 38. Ndb1 Qxb3 39. Nb5 Qxc4 40. Nxd6
Qa6 41. Nxf7 Bf4 0-1

[Event "Lloyds Bank Masters 10th"]
[Site "London"]
[Date "1986.08.28"]
[Round "9"]
[White "Chandler, Murray G"]
[Black "Akesson, Ralf"]
[Result "1-0"]
[WhiteElo "2565"]
[BlackElo "2435"]
[PlyCount "59"]
[EventDate "1986.08.20"]
[EventType "swiss"]
[EventRounds "9"]
[EventCountry "ENG"]
[SourceTitle "BritBase"]
[Source "John Saunders"]
[SourceDate "2020.09.07"]
[SourceVersion "1"]
[SourceVersionDate "2020.09.07"]
[SourceQuality "2"]

1. e4 c5 2. Nf3 e6 3. d4 cxd4 4. Nxd4 Nf6 5. Nc3 d6 6. g4 h6 7. h4 Nc6 8. Rg1
h5 9. gxh5 Nxh5 10. Bg5 Qb6 11. Nb3 a6 12. Bg2 Bd7 13. Qe2 Rc8 14. O-O-O Ne5
15. f4 Rxc3 16. fxe5 Rg3 17. exd6 Bxd6 18. e5 Bc7 19. Rge1 Bc6 20. Bxc6+ Qxc6
21. Nd4 Qa4 22. Kb1 g6 23. Qe4 O-O 24. Qxb7 Ba5 25. Rf1 Qc4 26. Bh6 Ng7 27. Nc6
Qc5 28. b4 Bxb4 29. Nxb4 Ra3 30. Rd8 1-0

[Event "Lloyds Bank Masters 10th"]
[Site "London"]
[Date "1986.08.28"]
[Round "9"]
[White "Condie, Mark L"]
[Black "Anand, Viswanathan"]
[Result "1-0"]
[WhiteElo "2410"]
[BlackElo "2420"]
[PlyCount "80"]
[EventDate "1986.08.20"]
[EventType "swiss"]
[EventRounds "9"]
[EventCountry "ENG"]
[SourceTitle "BritBase"]
[Source "John Saunders"]
[SourceDate "2020.09.07"]
[SourceVersion "1"]
[SourceVersionDate "2020.09.07"]
[SourceQuality "2"]

1. Nf3 Nf6 2. c4 e6 3. d4 c5 4. e3 g6 5. Nc3 Bg7 6. Be2 O-O 7. O-O b6 8. b3 Bb7
9. Bb2 Qe7 10. Qc2 Nc6 11. Rfd1 Rac8 12. dxc5 bxc5 13. Rd2 Rfd8 14. Rad1 d5 15.
Qb1 d4 16. exd4 Bh6 17. dxc5 Bxd2 18. Nxd2 Nd4 19. b4 e5 20. Bf1 Nf5 21. Nde4
Nxe4 22. Rxd8+ Rxd8 23. Nxe4 Qh4 24. Ng3 e4 25. Qc1 f6 26. Qc3 Rd1 27. Qc2 Rd7
28. Qa4 Re7 29. Nxf5 gxf5 30. Qxa7 Kf7 31. Qb8 e3 32. fxe3 Bxg2 33. Qg3 Qxg3
34. hxg3 Bxf1 35. Kxf1 Rxe3 36. b5 Ke8 37. c6 Kd8 38. Bxf6+ Kc8 39. c5 h6 40.
a4 Re6 1-0

[Event "Lloyds Bank Masters 10th"]
[Site "London"]
[Date "1986.08.28"]
[Round "9"]
[White "Gallagher, Joseph G"]
[Black "Thomas, Ian"]
[Result "0-1"]
[WhiteElo "2360"]
[BlackElo "2350"]
[PlyCount "60"]
[EventDate "1986.08.20"]
[EventType "swiss"]
[EventRounds "9"]
[EventCountry "ENG"]
[SourceTitle "BritBase"]
[Source "John Saunders"]
[SourceDate "2020.09.07"]
[SourceVersion "1"]
[SourceVersionDate "2020.09.07"]
[SourceQuality "2"]

1. d4 f5 2. Bg5 d6 3. e3 g6 4. Bc4 Bg7 5. c3 Nf6 6. h4 d5 7. Bd3 Ne4 8. Bf4 Nd7
9. h5 e5 10. dxe5 Nxe5 11. Be2 Be6 12. Nd2 Qe7 13. Qa4+ c6 14. Ngf3 Nxf3+ 15.
gxf3 Nxd2 16. Kxd2 g5 17. Bg3 h6 18. Rag1 b5 19. Qa6 Qc5 20. Qb7 O-O 21. Qc7
Rad8 22. Rc1 b4 23. Qb7 bxc3+ 24. bxc3 f4 25. exf4 d4 26. fxg5 Qxg5+ 27. f4
dxc3+ 28. Ke1 Qd5 29. f3 Qd2+ 30. Kf2 Bd4+ 0-1

[Event "Lloyds Bank Masters 10th"]
[Site "London"]
[Date "1986.08.28"]
[Round "9"]
[White "Hjartarson, Johann"]
[Black "Prasad, Devaki V"]
[Result "1-0"]
[WhiteElo "2525"]
[BlackElo "2410"]
[PlyCount "97"]
[EventDate "1986.08.20"]
[EventType "swiss"]
[EventRounds "9"]
[EventCountry "ENG"]
[SourceTitle "BritBase"]
[Source "John Saunders"]
[SourceDate "2020.09.07"]
[SourceVersion "1"]
[SourceVersionDate "2020.09.07"]
[SourceQuality "2"]

1. Nf3 d5 2. d4 Nf6 3. c4 e6 4. Nc3 Be7 5. Bg5 O-O 6. cxd5 Nxd5 7. Bxe7 Qxe7 8.
e3 Nxc3 9. bxc3 b6 10. Bd3 Bb7 11. h4 h6 12. O-O Nd7 13. e4 c5 14. Qe2 Rac8 15.
a4 cxd4 16. cxd4 Rc7 17. a5 bxa5 18. Rxa5 Ba8 19. Rfa1 Nb6 20. Qa2 Nc8 21. h5
Rd8 22. Qd2 Qd6 23. d5 exd5 24. e5 Qd7 25. Nd4 Qg4 26. Be2 Qg5 27. f4 Qe7 28.
Bd3 Qh4 29. Rf1 Nb6 30. Qe2 Qe7 31. Nf5 Qb4 32. Qg4 f6 33. Rfa1 fxe5 34. Rxa7
Bb7 35. Nxh6+ Kh8 36. Qg6 Qd4+ 37. Kh1 e4 38. Nf5 Qc3 39. Bxe4 dxe4 40. Qxb6
Rcd7 41. Kh2 Rf8 42. Nh4 Re8 43. R1a3 Qc1 44. Rg3 Rd1 45. Re3 Bc8 46. Rxg7 Rh1+
47. Kg3 Qxe3+ 48. Qxe3 Kxg7 49. f5 1-0

[Event "Lloyds Bank Masters 10th"]
[Site "London"]
[Date "1986.08.28"]
[Round "9"]
[White "Hodgson, Julian M"]
[Black "Barua, Dibyendu"]
[Result "1/2-1/2"]
[WhiteElo "2500"]
[BlackElo "2400"]
[PlyCount "129"]
[EventDate "1986.08.20"]
[EventType "swiss"]
[EventRounds "9"]
[EventCountry "ENG"]
[SourceTitle "BritBase"]
[Source "John Saunders"]
[SourceDate "2020.09.07"]
[SourceVersion "1"]
[SourceVersionDate "2020.09.07"]
[SourceQuality "2"]

1. e4 e5 2. Nf3 Nf6 3. Nxe5 d6 4. Nf3 Nxe4 5. Qe2 Qe7 6. d3 Nc5 7. Nc3 Bg4 8.
Be3 c6 9. h3 Bh5 10. g4 Bg6 11. Bg2 Nbd7 12. Nd4 Ne6 13. f4 Nxd4 14. Bxd4 f5
15. O-O-O Qxe2 16. Nxe2 Nf6 17. Ng3 fxg4 18. Rde1+ Kd8 19. Bxf6+ gxf6 20. hxg4
d5 21. Nh5 Bd6 22. Rhf1 f5 23. Bh3 Kc7 24. Ng7 fxg4 25. Bxg4 Rag8 26. Ne6+ Kb6
27. Bh3 h6 28. f5 Bf7 29. Rg1 Bg3 30. Ref1 h5 31. f6 h4 32. Ng7 Rh6 33. d4 Bc7
34. Rg2 Bd8 35. Rgf2 Rxf6 36. Rxf6 Bxf6 37. Rxf6 Rxg7 38. Rh6 Rg1+ 39. Kd2 Rh1
40. Bc8 Kc7 41. Bg4 Kd8 42. a4 a5 43. Kc3 Rh2 44. Kb3 Rf2 45. Rxh4 Bg6 46. c3
Bc2+ 47. Ka3 Rf1 48. Ka2 Kc7 49. Rh2 Bxa4 50. Be2 Rf6 51. b3 Bb5 52. Rh7+ Kb6
53. Bxb5 cxb5 54. Rd7 Kc6 55. Rd8 Rf2+ 56. Ka3 Rc2 57. Rc8+ Kb6 58. b4 a4 59.
Rc5 Ka6 60. Rc8 b6 61. Rc7 Rg2 62. Re7 Rg3 63. Kb2 a3+ 64. Kb3 a2 65. Re1
1/2-1/2

[Event "Lloyds Bank Masters 10th"]
[Site "London"]
[Date "1986.08.28"]
[Round "9"]
[White "Karolyi, Tibor Jr"]
[Black "Weindl, Alfred"]
[Result "1/2-1/2"]
[WhiteElo "2410"]
[BlackElo "2245"]
[PlyCount "88"]
[EventDate "1986.08.20"]
[EventType "swiss"]
[EventRounds "9"]
[EventCountry "ENG"]
[SourceTitle "BritBase"]
[Source "John Saunders"]
[SourceDate "2023.06.01"]
[SourceVersion "1"]
[SourceVersionDate "2023.06.01"]
[SourceQuality "1"]

1. d4 Nf6 2. c4 g6 3. Nc3 Bg7 4. e4 d6 5. f3 O-O 6. Be3 Nbd7 7. Qd2 c5 8. d5
Ne5 9. h3 Nh5 10. Bf2 f5 11. f4 Bh6 12. g3 fxe4 13. Nxe4 Nxf4 14. Be3 Ng2+ 15.
Bxg2 Nxc4 16. Bxh6 Nxd2 17. Nxd2 Re8 18. Ne2 Qb6 19. b3 Qa6 20. Nc3 Qd3 21.
Nde4 Bf5 22. Rd1 Qa6 23. g4 Bxe4 24. Bxe4 c4 25. b4 Qa3 26. Kd2 Qb2+ 27. Bc2
Qxb4 28. Rb1 Qc5 29. Be3 Qc7 30. h4 Rf8 31. h5 g5 32. h6 Rf3 33. Rh5 Rxe3 34.
Rxg5+ Kh8 35. Kxe3 Qc5+ 36. Ke2 Rf8 37. Ne4 Qd4 38. Rxb7 Qg1 39. Rxe7 Qg2+ 40.
Ke3 Qxc2 41. Rf5 Qd3+ 42. Kf2 Qd4+ 43. Kf3 Qd1+ 44. Kf2 Qd4+ 1/2-1/2

[Event "Lloyds Bank Masters 10th"]
[Site "London"]
[Date "1986.08.28"]
[Round "9"]
[White "McKay, Roderick M"]
[Black "Conquest, Stuart"]
[Result "1/2-1/2"]
[WhiteElo "2400"]
[BlackElo "2430"]
[PlyCount "29"]
[EventDate "1986.08.20"]
[EventType "swiss"]
[EventRounds "9"]
[EventCountry "ENG"]
[SourceTitle "BritBase"]
[Source "John Saunders"]
[SourceDate "2020.09.07"]
[SourceVersion "1"]
[SourceVersionDate "2020.09.07"]
[SourceQuality "2"]

1. d4 d5 2. c4 e6 3. Nc3 c6 4. Nf3 Nf6 5. Bg5 dxc4 6. e4 b5 7. a4 Bb4 8. e5 h6
9. exf6 hxg5 10. fxg7 Rg8 11. h4 gxh4 12. Rxh4 Qf6 13. Qc2 Nd7 14. axb5 cxb5
15. Qe4 1/2-1/2

[Event "Lloyds Bank Masters 10th"]
[Site "London"]
[Date "1986.08.28"]
[Round "9"]
[White "Murey, Jacob"]
[Black "Bonin, Jay"]
[Result "0-1"]
[WhiteElo "2490"]
[BlackElo "2455"]
[PlyCount "80"]
[EventDate "1986.08.20"]
[EventType "swiss"]
[EventRounds "9"]
[EventCountry "ENG"]
[SourceTitle "BritBase"]
[Source "John Saunders"]
[SourceDate "2020.09.07"]
[SourceVersion "1"]
[SourceVersionDate "2020.09.07"]
[SourceQuality "2"]

1. e4 e6 2. d4 d5 3. e5 c5 4. c3 Qb6 5. Nf3 Bd7 6. a3 c4 7. Qc2 Nc6 8. Be3 Na5
9. Nbd2 Ne7 10. g3 Nc8 11. Bg2 Qc7 12. Ng5 h6 13. Nh3 Nb6 14. Nf4 Ba4 15. Qb1
O-O-O 16. O-O Nb3 17. Nxb3 Bxb3 18. g4 Be7 19. Nh5 g6 20. Ng3 h5 21. gxh5 gxh5
22. Bh3 Rdg8 23. Kh1 Qc6 24. f4 h4 25. Ne2 Nd7 26. Ng1 Nc5 27. Nf3 Ne4 28. f5
Kd7 29. Rg1 Qa4 30. Qf1 Bc2 31. Ne1 Ng3+ 32. hxg3 hxg3 33. fxe6+ fxe6 34. Nxc2
Qxc2 35. Qg2 Qf5 36. Rgf1 Rxh3+ 37. Kg1 Qh5 38. Rf4 Rh8 39. Kf1 Rh2 40. Qf3
Qh3+ 0-1

[Event "Lloyds Bank Masters 10th"]
[Site "London"]
[Date "1986.08.28"]
[Round "9"]
[White "Nijboer, Friso"]
[Black "Plaskett, H James"]
[Result "1/2-1/2"]
[WhiteElo "2290"]
[BlackElo "2450"]
[PlyCount "105"]
[EventDate "1986.08.20"]
[EventType "swiss"]
[EventRounds "9"]
[EventCountry "ENG"]
[SourceTitle "BritBase"]
[Source "John Saunders"]
[SourceDate "2020.09.07"]
[SourceVersion "1"]
[SourceVersionDate "2020.09.07"]
[SourceQuality "2"]

1. e4 d6 2. d4 Nf6 3. Nc3 g6 4. f4 Bg7 5. Nf3 c5 6. Bb5+ Bd7 7. e5 Ng4 8. e6
Bxb5 9. exf7+ Kd7 10. Nxb5 Qa5+ 11. Nc3 cxd4 12. Nxd4 h5 13. h3 Nc6 14. Nde2
Nf6 15. Be3 Ne4 16. O-O Nxc3 17. bxc3 Rhf8 18. Rb1 b6 19. Qd3 Qf5 20. Qa6 Rac8
21. Nd4 Bxd4 22. cxd4 Rc7 23. Qa4 e6 24. c4 Ke7 25. d5 Na5 26. dxe6 Qxe6 27.
Bxb6 Rxc4 28. Qxa5 axb6 29. Qg5+ Kd7 30. Qb5+ Ke7 31. Rbe1 Re4 32. Qxb6 Rxe1
33. Qc7+ Kf6 34. Qc3+ Kxf7 35. Rxe1 Qxa2 36. Qc7+ Kg8 37. Qxd6 Qa7+ 38. Kh1 Qf7
39. Re7 Qf6 40. Qd5+ Kh8 41. Qd7 Qa1+ 42. Kh2 Qf6 43. f5 gxf5 44. Re6 Qg7 45.
Qd1 Qg5 46. Qd4+ Kg8 47. Qd6 Kg7 48. Re7+ Rf7 49. Qe5+ Qf6 50. Rxf7+ Kxf7 51.
Qxf6+ Kxf6 52. Kg3 Ke5 53. Kh4 1/2-1/2

[Event "Lloyds Bank Masters 10th"]
[Site "London"]
[Date "1986.08.28"]
[Round "9"]
[White "Sathe, Bhagyashree"]
[Black "Hunerkopf, Heinz"]
[Result "1-0"]
[WhiteElo "2075"]
[BlackElo "2270"]
[PlyCount "69"]
[EventDate "1986.08.20"]
[EventType "swiss"]
[EventRounds "9"]
[EventCountry "ENG"]
[SourceTitle "BritBase"]
[Source "John Saunders"]
[SourceDate "2020.09.07"]
[SourceVersion "1"]
[SourceVersionDate "2020.09.07"]
[SourceQuality "2"]

1. e4 c5 2. c3 d5 3. exd5 Qxd5 4. d4 Nf6 5. Nf3 Bg4 6. Be2 e6 7. O-O cxd4 8.
cxd4 Nc6 9. Nc3 Qd6 10. Bg5 Be7 11. Qd2 O-O 12. Rfd1 Rfd8 13. Bf4 Qd7 14. Ne5
Nxe5 15. dxe5 Qc6 16. Qe3 Bc5 17. Qg3 Ne4 18. Rxd8+ Rxd8 19. Qxg4 Nxf2 20. Qh4
Qd7 21. Bg3 Nd1+ 22. Kh1 Ne3 23. Qe4 Qd2 24. Rb1 Rd4 25. Qf3 Nf5 26. Be1 Qh6
27. Ne4 Bb6 28. g4 Ne7 29. Bc3 Rd7 30. Bb5 Rc7 31. Rf1 Nd5 32. g5 Qg6 33. Bd3
Kh8 34. Nd6 f5 35. exf6 1-0

[Event "Lloyds Bank Masters 10th"]
[Site "London"]
[Date "1986.08.28"]
[Round "9"]
[White "Van der Sterren, Paul"]
[Black "Agdestein, Simen"]
[Result "0-1"]
[WhiteElo "2475"]
[BlackElo "2525"]
[PlyCount "96"]
[EventDate "1986.08.20"]
[EventType "swiss"]
[EventRounds "9"]
[EventCountry "ENG"]
[SourceTitle "BritBase"]
[Source "John Saunders"]
[SourceDate "2020.09.07"]
[SourceVersion "1"]
[SourceVersionDate "2020.09.07"]
[SourceQuality "2"]

1. d4 e6 2. c4 f5 3. g3 Nf6 4. Bg2 d5 5. Nf3 Be7 6. O-O O-O 7. b3 c6 8. Bb2 b6
9. Ne5 Bd6 10. Nd2 Bb7 11. Nd3 Qe7 12. Rc1 Nbd7 13. e3 Rac8 14. Re1 Ne4 15. f3
Nxd2 16. Qxd2 Ba6 17. e4 fxe4 18. fxe4 dxc4 19. bxc4 e5 20. Bh3 Rcd8 21. d5 Nc5
22. Kh1 Kh8 23. Qe2 Nxd3 24. Qxd3 b5 25. cxb5 Bxb5 26. Qe3 Qb7 27. Be6 Rf6 28.
Rc2 Rdf8 29. Ba3 Bxa3 30. Qxa3 cxd5 31. exd5 Bf1 32. Kg1 e4 33. Rb2 Qc7 34. Qe3
Bd3 35. Qd4 h6 36. d6 Qa5 37. Rxe4 Bxe4 38. Qxe4 Qc5+ 39. Kg2 Qxd6 40. Bc4 Qc5
41. Rb5 Qc8 42. Rb2 Re8 43. Qd4 Rd8 44. Qe4 Qc6 45. Re2 Rd2 46. Kh3 Qxe4 47.
Rxe4 Kh7 48. Re8 Rff2 0-1

[Event "Lloyds Bank Masters 10th"]
[Site "London"]
[Date "1986.08.28"]
[Round "9"]
[White "Wolff, Patrick"]
[Black "Watson, William N"]
[Result "0-1"]
[WhiteElo "2410"]
[BlackElo "2495"]
[PlyCount "110"]
[EventDate "1986.08.20"]
[EventType "swiss"]
[EventRounds "9"]
[EventCountry "ENG"]
[SourceTitle "BritBase"]
[Source "John Saunders"]
[SourceDate "2020.09.07"]
[SourceVersion "1"]
[SourceVersionDate "2020.09.07"]
[SourceQuality "2"]

1. e4 c6 2. d4 d5 3. exd5 cxd5 4. c4 Nf6 5. Nc3 e6 6. Nf3 Bb4 7. cxd5 Nxd5 8.
Qc2 Nc6 9. Bd3 Ba5 10. O-O Ndb4 11. Qd1 Nxd3 12. Qxd3 O-O 13. Ng5 g6 14. Rd1 e5
15. d5 Nd4 16. Be3 Bb6 17. Rac1 f6 18. Nf3 Bf5 19. Qd2 Bg4 20. Nxd4 exd4 21.
Bxd4 Bxd1 22. Rxd1 Bxd4 23. Qxd4 Qb6 24. Qxb6 axb6 25. Rd4 Rfd8 26. Rb4 Rd6 27.
Ne4 Rdd8 28. g3 Rxa2 29. Rxb6 f5 30. Nc3 Ra1+ 31. Kg2 Rd7 32. h4 Kf7 33. Kf3
Ra6 34. Rb5 Kf6 35. Kf4 Re7 36. g4 Rd6 37. Rc5 Rb6 38. gxf5 Rb4+ 39. Kf3 Kxf5
40. d6+ Re5 41. Rc7 Ke6 42. Rxh7 Kxd6 43. Nd1 Ke6 44. Kg3 Re1 45. Ne3 Rxb2 46.
Rh6 Kf7 47. h5 Rg1+ 48. Kf3 Kg7 49. Rxg6+ Rxg6 50. hxg6 Kxg6 51. Nd5 Kf5 52.
Ke3 Ke5 53. Nc3 Rb4 54. f3 Rb3 55. Kd2 Kd4 0-1